Glassblowing.

Bibliographic Details
Main Author: Kulasiewicz, Frank, 1930-
Format: Book
Language:English
Published: New York : London : Watson-Guptill Publications ; Pitman Publications, 1974.
Subjects:

MARC

Tag First Indicator Second Indicator Subfields
LEADER 00000cam a2200000 4500
001 in00000493821
005 20151013054517.0
008 740626s1974 nyua b 001 0 eng
010 |a  74012446  
020 |a 0273008560 (Pitman Pub.) 
020 |a 0823021203 
035 |a (OCoLC)ocm00969747 
035 |a (OCoLC)00969747 
035 |9 ACC2755AM 
040 |a DLC  |c DLC  |d TXA  |d UtOrBLW 
049 |a TXAM 
050 0 0 |a TT298  |b .K84 1974 
082 0 |a 748.2 
100 1 |a Kulasiewicz, Frank,  |d 1930- 
245 1 0 |a Glassblowing. 
264 1 |a New York :  |b Watson-Guptill Publications ;  |a London :  |b Pitman Publications,  |c 1974. 
300 |a 215 pages :  |b illustrations ;  |c 29 cm. 
336 |a text  |b txt  |2 rdacontent 
337 |a unmediated  |b n  |2 rdamedia 
338 |a volume  |b nc  |2 rdacarrier 
504 |a Bibliography: pages 209-210. 
650 0 |a Glass blowing and working. 
949 |a updated  |b h  |c 2004/6/8  |e fpiscitelli  |f 6:29:07 pm 
994 |a E0  |b TXA 
999 |a MARS 
999 f f |s 1d069cd3-560a-376d-b41c-2c853fbf6203  |i 32c94eb5-a378-3038-803f-794a469b0e1c  |t 0 
952 f f |p ric  |a Texas A&M University  |b Rellis Campus  |c Joint Library Facility  |d Remote Storage  |t 0  |e TT298 K84 1974  |h Library of Congress classification  |i unmediated -- volume  |m A14808115432 
952 f f |p noncirc  |a Texas A&M University  |b College Station  |c Sterling C. Evans Library  |d Bodrum (located in Turkey)  |t 0  |e TT298 .K84 1974  |h Library of Congress classification  |i unmediated -- volume 
998 f f |a TT298 .K84 1974  |t 0  |l Bodrum (located in Turkey) 
998 f f |a TT298 K84 1974  |t 0  |l Remote Storage